=LDR 00000nam 2200000 4500 =001 INLIS000000000025715 =005 20130612124213 =008 ***********************************Ind** =035 ##$$0010-061300000025715 =041 ##$$a Ind =082 ##$$a 92-Kartini =090 ##$$a 92-Kartini, Kha r =100 ##$$a Khadijah, Ijah =245 ##$$a Rintihan kartini, Ijah Khadijah =260 ##$$a 1986 $b Jakarta =300 ##$$a 100 hlm, ilus, 21 cm =650 ##$$a Kisah - Kartini =850 ##$$a NBPNMAT